000 00922cam a22002055a 4500
001 L156140
008 120501s1873 xxk f 000 0 eng d
035 _a(Sirsi) u156140
041 0 _aeng
100 1 _aFrome, Edward Charles
_d1802-1890
245 0 0 _aOutline of the method of conducting a trigonometrical survey, for the formation of geographical and topographical maps and plans
_bmilitary reconnaissance, levelling, etc.; with the most useful problems in geodesy and practical astronomy, and formulae and tables fo facilitating their calculation
250 _a4th ed. rev. and enl. by Captain Charles Warren ...
260 _aLondon
_bLockwood and co.
_c1873
300 _axi, [1], 321 p.
_bplates, maps, diagrs.
_c23 cm.
583 _aCondition reviewed
_c20120620
_lcondition level 1
651 4 _aGreat Britain
_y1707-
690 _aMeasurement
_96256
700 1 _aWarren, Charles
_cSir
_d1840-1927
942 _n0
999 _c114054
_d114054